| 000 | 01107nam a2200241Ia 4500 | ||
|---|---|---|---|
| 999 |
_c49202 _d49202 |
||
| 001 | 16113 | ||
| 003 | GE_BSU | ||
| 005 | 20250520123210.0 | ||
| 008 | 181216s2013||||ge |||||||||||||| ||geo|| | ||
| 040 | _cGE_BSU | ||
| 041 | _ageo | ||
| 080 | _a615.2 მ-84 | ||
| 100 |
_aმონიავა, იპოლიტე-ჯემალ _925079 |
||
| 245 |
_aმაგისტრალურ წამალთა ტექნოლოგია : _b[სახელმძღვ.] / _cიპოლიტე-ჯემალ მონიავა ; რედ. ვაჟა ერიაშვილი. |
||
| 250 | _aმე-2 გამოცემა | ||
| 264 |
_aთბილისი : _b(ს.ს. "კარტოგრაფია"), _c2013. |
||
| 300 |
_a296 გვ. : _bცხრ. ; _c20 სმ |
||
| 504 | _aბიბლიოგრ.: გვ. 294. | ||
| 653 | _aმაგისტრალურ წამალთა ტექნოლოგია | ||
| 653 | _aფარმაკოლოგია | ||
| 700 |
_aერიაშვილი, ვაჟა _eრედaqtori _925080 |
||
| 942 |
_cBK _2udc |
||